[Event "MCRE_SF18"]
[Site "?"]
[Date "2009.??.??"]
[Round "1"]
[White "Binas, Jindrich"]
[Black "Koukal, Vladimir"]
[Result "1/2-1/2"]
[WhiteElo "2249"]
[BlackElo "2240"]
[PlyCount "59"]
[EventDate "2009.??.??"]
[EventType "corr"]
[EventRounds "2"]

1. e4 e5 2. Nf3 Nc6 3. Bb5 a6 4. Ba4 Nf6 5. O-O Be7 6. Re1 d6 7. c3 Bd7 8. d4
O-O 9. h3 exd4 10. cxd4 d5 11. exd5 Nxd5 12. Nc3 Be6 13. Bxc6 bxc6 14. Ne5 Qe8
15. Qf3 Rd8 16. Qg3 Kh8 17. Bf4 Nxf4 18. Qxf4 c5 19. Nf3 cxd4 20. Nxd4 Bc5 21.
Rad1 h6 22. Nf5 Rxd1 23. Rxd1 Bc8 24. Nxh6 Bd6 25. Qh4 gxh6 26. Qxh6+ Kg8 27.
Qg5+ Kh7 28. Qh5+ Kg7 29. Qg5+ Kh7 30. Qh5+ 1/2-1/2

[Event "MCRE_SF18"]
[Site "?"]
[Date "2009.??.??"]
[Round "2"]
[White "Koukal, Vladimir"]
[Black "Binas, Jindrich"]
[Result "1/2-1/2"]
[WhiteElo "2240"]
[BlackElo "2249"]
[PlyCount "51"]
[EventDate "2009.??.??"]
[EventType "corr"]
[EventRounds "2"]

1. e4 c5 2. Nf3 d6 3. d4 cxd4 4. Nxd4 Nf6 5. Nc3 Bd7 6. Be2 Nc6 7. O-O g6 8.
Be3 Bg7 9. a3 O-O 10. f4 a6 11. Rb1 Rc8 12. Bf3 Qc7 13. Nxc6 Bxc6 14. Bd4 Rfd8
15. Qe2 Nd7 16. Bxg7 Kxg7 17. Kh1 Qb6 18. Nd5 Bxd5 19. exd5 Re8 20. c3 Nf6 21.
g4 e6 22. dxe6 Rxe6 23. Qg2 Rce8 24. Rbd1 Qc5 25. g5 Ne4 26. a4 1/2-1/2

[Event "MCRE_SF18"]
[Site "?"]
[Date "2009.??.??"]
[Round "1"]
[White "Binas, Jindrich"]
[Black "Portych, Vaclav"]
[Result "1/2-1/2"]
[WhiteElo "2249"]
[BlackElo "2219"]
[PlyCount "79"]
[EventDate "2009.??.??"]
[EventType "corr"]
[EventRounds "2"]

1. e4 c5 2. Nf3 Nc6 3. d4 cxd4 4. Nxd4 Nf6 5. Nc3 e5 6. Ndb5 d6 7. Bg5 a6 8.
Bxf6 gxf6 9. Na3 b5 10. Nd5 Bg7 11. c3 f5 12. exf5 Bxf5 13. Nc2 O-O 14. Nce3
Bg6 15. h4 Be4 16. h5 h6 17. Bd3 Bxd5 18. Nxd5 f5 19. Bc2 Kh8 20. g4 e4 21.
gxf5 Qg5 22. Qe2 Rxf5 23. Ne3 Rf4 24. O-O-O Raf8 25. Rhg1 Qe5 26. Rd5 Qe6 27.
Rg6 R4f6 28. Rg2 Ne7 29. Rd1 d5 30. Bb3 Rd8 31. Kb1 Rf3 32. a3 Bf6 33. Qd2 Be5
34. Rdg1 Rf7 35. Ng4 Bg7 36. Qe2 Qb6 37. Ne3 a5 38. Nc2 Be5 39. Rd1 Rff8 40.
Ba2 1/2-1/2

[Event "MCRE_SF18"]
[Site "?"]
[Date "2009.??.??"]
[Round "2"]
[White "Portych, Vaclav"]
[Black "Binas, Jindrich"]
[Result "0-1"]
[WhiteElo "2219"]
[BlackElo "2249"]
[PlyCount "102"]
[EventDate "2009.??.??"]
[EventType "corr"]
[EventRounds "2"]

1. c4 Nf6 2. Nc3 e5 3. Nf3 Nc6 4. g3 Bb4 5. Bg2 O-O 6. O-O e4 7. Ne1 Bxc3 8.
dxc3 h6 9. Nc2 Re8 10. Ne3 b6 11. Qc2 Bb7 12. f3 exf3 13. exf3 Ne7 14. b3 d6
15. Bb2 Qd7 16. Rad1 h5 17. Rfe1 h4 18. Qd2 h3 19. Bh1 a5 20. a4 Ng6 21. Bc1
Rad8 22. Nc2 Ne5 23. Qf2 Qf5 24. Nd4 Qg6 25. Qf1 c5 26. Nb5 Nh5 27. Qxh3 Bxf3
28. Nc7 Bxd1 29. Rxd1 Qc2 30. Rf1 Nf6 31. Bg5 Qxc3 32. Nxe8 Qd4+ 33. Kg2 Rxe8
34. Bxf6 Qe4+ 35. Kg1 Qe3+ 36. Kg2 gxf6 37. Qh5 Re6 38. Kh3 f5 39. Rf4 Nd3 40.
Rh4 Nf2+ 41. Kg2 Kf8 42. Qxf5 Qd2 43. Qxf2 Re2 44. Rf4 Rxf2+ 45. Rxf2 Qb4 46.
Rf3 d5 47. cxd5 c4 48. bxc4 Qxa4 49. Kh3 Qxc4 50. Rf4 Qc8+ 51. Kh4 b5 0-1

[Event "MCRE_SF18"]
[Site "?"]
[Date "2009.??.??"]
[Round "1"]
[White "Binas, Jindrich"]
[Black "Kudr, Roman"]
[Result "1/2-1/2"]
[WhiteElo "2249"]
[BlackElo "2208"]
[PlyCount "40"]
[EventDate "2009.??.??"]
[EventType "corr"]
[EventRounds "2"]

1. e4 c6 2. d4 Na6 3. c4 g6 4. Nc3 Bg7 5. Be3 d6 6. Nf3 Nf6 7. h3 O-O 8. Be2 e5
9. d5 Nc5 10. Nd2 a5 11. a3 Bd7 12. b4 Na6 13. Qb1 axb4 14. axb4 c5 15. bxc5
Nxc5 16. O-O Rxa1 17. Qxa1 b6 18. Qb2 Qc7 19. Ra1 Rb8 20. Bg5 Qd8 1/2-1/2

[Event "MCRE_SF18"]
[Site "?"]
[Date "2009.??.??"]
[Round "2"]
[White "Kudr, Roman"]
[Black "Binas, Jindrich"]
[Result "1/2-1/2"]
[WhiteElo "2208"]
[BlackElo "2249"]
[PlyCount "36"]
[EventDate "2009.??.??"]
[EventType "corr"]
[EventRounds "2"]

1. d4 Nf6 2. c4 e6 3. Nc3 Bb4 4. Qc2 O-O 5. a3 Bxc3+ 6. Qxc3 b6 7. Bg5 Bb7 8.
f3 h6 9. Bh4 d5 10. e3 Nbd7 11. cxd5 Nxd5 12. Bxd8 Nxc3 13. Bh4 Nd5 14. Bf2 c5
15. e4 Nf4 16. Rd1 cxd4 17. Bxd4 e5 18. Bc3 Rfd8 1/2-1/2

[Event "MCRE_SF18"]
[Site "?"]
[Date "2009.??.??"]
[Round "1"]
[White "Binas, Jindrich"]
[Black "Juhasz, Jozef"]
[Result "1-0"]
[WhiteElo "2249"]
[BlackElo "2199"]
[PlyCount "105"]
[EventDate "2009.??.??"]
[EventType "corr"]
[EventRounds "2"]

1. e4 e5 2. Nf3 Nc6 3. Bb5 a6 4. Ba4 Nf6 5. O-O Be7 6. Re1 b5 7. Bb3 d6 8. a4
b4 9. c3 O-O 10. d4 bxc3 11. bxc3 Bg4 12. d5 Na5 13. Ba2 Nd7 14. Nbd2 Nc5 15.
Nc4 Nxc4 16. Bxc4 f5 17. exf5 e4 18. h3 Bh5 19. Ba3 Bf6 20. Bxc5 Bxc3 21. Rxe4
Bxf3 22. Qxf3 Bxa1 23. Be3 Be5 24. g4 Qe8 25. Bd3 Qb8 26. Qe2 Qb3 27. Kg2 Kh8
28. Rc4 Rf7 29. g5 Raf8 30. Bd2 Kg8 31. f4 Ba1 32. Ba5 Qb7 33. Qe6 Kh8 34. Bc2
Qa7 35. Bd2 Qa8 36. h4 Qd8 37. Re4 Qc8 38. Re1 Bd4 39. h5 c5 40. Qxd6 Rd7 41.
Qc6 Qd8 42. Be4 Rd6 43. Ba5 Qd7 44. Qxd7 Rxd7 45. Rb1 c4 46. Kf3 h6 47. Bb6
Bxb6 48. Rxb6 a5 49. Rc6 Rb7 50. Ke3 c3 51. Rxc3 Re8 52. Kf3 Rb4 53. Bc2 1-0

[Event "MCRE_SF18"]
[Site "?"]
[Date "2009.??.??"]
[Round "2"]
[White "Juhasz, Jozef"]
[Black "Binas, Jindrich"]
[Result "0-1"]
[WhiteElo "2199"]
[BlackElo "2249"]
[PlyCount "36"]
[EventDate "2009.??.??"]
[EventType "corr"]
[EventRounds "2"]

1. e4 c5 2. Nf3 d6 3. d4 cxd4 4. Nxd4 Nf6 5. Nc3 Nc6 6. Bb5 Bd7 7. O-O g6 8.
Bxc6 bxc6 9. Nf3 Bg7 10. e5 dxe5 11. Nxe5 O-O 12. Re1 Rc8 13. Nxd7 Nxd7 14. h4
Rb8 15. h5 Be5 16. Qf3 Qc7 17. Rb1 Nc5 18. Qd3 Nxd3 0-1

[Event "MCRE_SF18"]
[Site "?"]
[Date "2009.??.??"]
[Round "1"]
[White "Binas, Jindrich"]
[Black "Kratochvil, Vaclav"]
[Result "0-1"]
[WhiteElo "2249"]
[BlackElo "2195"]
[PlyCount "30"]
[EventDate "2009.??.??"]
[EventType "corr"]
[EventRounds "2"]

1. e4 e5 2. Nf3 Nf6 3. Nxe5 d6 4. Nf3 Nxe4 5. d4 d5 6. Bd3 Be7 7. O-O Nc6 8. c4
Nb4 9. Be2 O-O 10. a3 Nc6 11. cxd5 Qxd5 12. Nc3 Nxc3 13. bxc3 Na5 14. c4 Nxc4
15. Bxc4 Qxc4 0-1

[Event "MCRE_SF18"]
[Site "?"]
[Date "2009.??.??"]
[Round "2"]
[White "Kratochvil, Vaclav"]
[Black "Binas, Jindrich"]
[Result "1/2-1/2"]
[WhiteElo "2195"]
[BlackElo "2249"]
[PlyCount "63"]
[EventDate "2009.??.??"]
[EventType "corr"]
[EventRounds "2"]

1. e4 c5 2. Nf3 d6 3. d4 cxd4 4. Nxd4 Nf6 5. f3 e5 6. Bb5+ Nbd7 7. Nf5 d5 8.
exd5 a6 9. Ba4 b5 10. Bb3 Nc5 11. Ne3 Bd6 12. O-O O-O 13. c4 e4 14. Bc2 Qc7 15.
h3 exf3 16. Rxf3 Re8 17. cxb5 Nce4 18. Nc3 Nxc3 19. bxc3 axb5 20. Qd3 Ne4 21.
Qxb5 Ba6 22. Qc6 Nxc3 23. Qxc7 Bxc7 24. Bd2 Ne2+ 25. Kf2 Nd4 26. Ba4 Nxf3 27.
gxf3 Reb8 28. Bb3 Bb6 29. Re1 Re8 30. Kg3 Bc5 31. f4 Bd3 32. Nc4 1/2-1/2

[Event "MCRE_SF18"]
[Site "?"]
[Date "2009.??.??"]
[Round "1"]
[White "Binas, Jindrich"]
[Black "Pirhala, Ladislav"]
[Result "1/2-1/2"]
[WhiteElo "2249"]
[BlackElo "2190"]
[PlyCount "62"]
[EventDate "2009.??.??"]
[EventType "corr"]
[EventRounds "2"]

1. e4 c6 2. d4 d5 3. exd5 cxd5 4. c4 Nf6 5. Nc3 e6 6. Nf3 Be7 7. cxd5 exd5 8.
Bd3 O-O 9. h3 Nc6 10. O-O Be6 11. Re1 Rc8 12. Bf4 Re8 13. Rc1 a6 14. Bg5 h6 15.
Bh4 Qd6 16. Qd2 Na5 17. Qe2 Bd8 18. Bg3 Qf8 19. Be5 Nd7 20. Bf4 Nf6 21. Qd2 b5
22. Qd1 Nc4 23. Bxc4 Rxc4 24. Qd3 Bb6 25. a3 Qe7 26. Be3 Ba5 27. Ne5 Rcc8 28.
b4 Bc7 29. Bd2 Bb6 30. Be3 Bc7 31. Bf4 Bb6 1/2-1/2

[Event "MCRE_SF18"]
[Site "?"]
[Date "2009.??.??"]
[Round "2"]
[White "Pirhala, Ladislav"]
[Black "Binas, Jindrich"]
[Result "1-0"]
[WhiteElo "2190"]
[BlackElo "2249"]
[PlyCount "53"]
[EventDate "2009.??.??"]
[EventType "corr"]
[EventRounds "2"]

1. e4 c5 2. Nf3 Nc6 3. d4 cxd4 4. Nxd4 Nf6 5. Nc3 e5 6. Ndb5 d6 7. Bg5 a6 8.
Na3 Be7 9. Bxf6 Bxf6 10. Nd5 b5 11. c3 Bg5 12. h4 Bh6 13. Nc2 O-O 14. a4 bxa4
15. Rxa4 a5 16. Bc4 Rb8 17. b3 Be6 18. Nce3 g6 19. Ng4 Bg7 20. h5 Qg5 21. Nge3
Rb7 22. Kf1 h6 23. Kg1 Rfb8 24. g3 Kh8 25. Rh4 Bd7 26. Qf3 Be6 27. Kg2 1-0

[Event "MCRE_SF18"]
[Site "?"]
[Date "2009.??.??"]
[Round "1"]
[White "Binas, Jindrich"]
[Black "Machotka, Jaroslav"]
[Result "0-1"]
[WhiteElo "2249"]
[BlackElo "2040"]
[PlyCount "60"]
[EventDate "2009.??.??"]
[EventType "corr"]
[EventRounds "2"]

1. e4 e5 2. Nf3 Nc6 3. Bb5 a6 4. Ba4 Nf6 5. O-O Be7 6. Re1 b5 7. Bb3 d6 8. a4
Bg4 9. c3 O-O 10. h3 Bh5 11. d3 Qd7 12. Nbd2 Na5 13. Bc2 b4 14. Qe2 Rfe8 15. d4
Bf8 16. Qf1 exd4 17. cxd4 Qc6 18. Bd3 Qb6 19. Rb1 d5 20. e5 Nd7 21. Bf5 Rad8
22. Qd3 Bg6 23. Nf1 c5 24. Bxg6 Qxg6 25. Qxg6 hxg6 26. Bg5 f6 27. Bf4 Nb3 28.
e6 Nb8 29. Bc7 Rc8 30. Bb6 c4 0-1

[Event "MCRE_SF18"]
[Site "?"]
[Date "2009.??.??"]
[Round "2"]
[White "Machotka, Jaroslav"]
[Black "Binas, Jindrich"]
[Result "1-0"]
[WhiteElo "2040"]
[BlackElo "2249"]
[PlyCount "57"]
[EventDate "2009.??.??"]
[EventType "corr"]
[EventRounds "2"]

1. e4 c5 2. Nf3 d6 3. d4 cxd4 4. Nxd4 Nf6 5. Nc3 Nc6 6. Bg5 e6 7. Qd2 Qb6 8.
O-O-O a6 9. Be3 Ng4 10. Nxe6 Nxe3 11. Na4 Qa7 12. Nc7+ Kd8 13. Nxa8 Nxd1 14.
N8b6 Nxf2 15. Qxf2 Ne5 16. Be2 Be6 17. Rd1 Ke8 18. Qg3 f6 19. Qc3 Be7 20. Qc7
Kf7 21. Bc4 Re8 22. Bxe6+ Kxe6 23. Nc4 Qb8 24. Qa5 Kf7 25. Nxe5+ dxe5 26. Nb6
Bd6 27. Nd7 Qc7 28. Qxc7 Bxc7 29. Nc5 1-0

[Event "MCRE_SF18"]
[Site "?"]
[Date "2009.??.??"]
[Round "1"]
[White "Koukal, Vladimir"]
[Black "Portych, Vaclav"]
[Result "1/2-1/2"]
[WhiteElo "2240"]
[BlackElo "2219"]
[PlyCount "39"]
[EventDate "2009.??.??"]
[EventType "corr"]
[EventRounds "2"]

1. e4 c5 2. Nf3 Nc6 3. d4 cxd4 4. Nxd4 Nf6 5. Nc3 e5 6. Ndb5 d6 7. Nd5 Nxd5 8.
exd5 Nb8 9. Bd3 a6 10. Nc3 Be7 11. Qh5 Nd7 12. O-O Nf6 13. Qe2 O-O 14. Bd2 b5
15. a3 Qc7 16. Qf3 Rb8 17. Rab1 Re8 18. h3 Bb7 19. Rfc1 g6 20. b4 1/2-1/2

[Event "MCRE_SF18"]
[Site "?"]
[Date "2009.??.??"]
[Round "2"]
[White "Portych, Vaclav"]
[Black "Koukal, Vladimir"]
[Result "1/2-1/2"]
[WhiteElo "2219"]
[BlackElo "2240"]
[PlyCount "43"]
[EventDate "2009.??.??"]
[EventType "corr"]
[EventRounds "2"]

1. c4 e5 2. Nc3 Nf6 3. Nf3 Nc6 4. g3 Be7 5. Bg2 O-O 6. O-O d6 7. d4 exd4 8.
Nxd4 Nxd4 9. Qxd4 c6 10. Bg5 Be6 11. Rfd1 Qd7 12. a4 Rfd8 13. a5 h6 14. Bd2 Bh3
15. Rac1 Bxg2 16. Kxg2 Qe6 17. h3 Rd7 18. e4 Qe5 19. Qxe5 dxe5 20. Be3 Rxd1 21.
Rxd1 Bb4 22. Ra1 1/2-1/2

[Event "MCRE_SF18"]
[Site "?"]
[Date "2009.??.??"]
[Round "1"]
[White "Koukal, Vladimir"]
[Black "Kudr, Roman"]
[Result "1-0"]
[WhiteElo "2240"]
[BlackElo "2208"]
[PlyCount "57"]
[EventDate "2009.??.??"]
[EventType "corr"]
[EventRounds "2"]

1. e4 c6 2. d4 Na6 3. Nf3 Nc7 4. Be2 g6 5. O-O Bg7 6. c4 d6 7. Nc3 Nf6 8. Qc2
O-O 9. Rd1 Ne6 10. h3 Qc7 11. Be3 a5 12. Qd2 Rd8 13. Rac1 b6 14. Bh6 Bb7 15.
Qe3 a4 16. Bxg7 Kxg7 17. Re1 Ra5 18. Bd3 Ba6 19. b4 axb3 20. axb3 Ra3 21. b4 c5
22. Nd5 Nxd5 23. exd5 Nxd4 24. Nxd4 cxd4 25. Qxd4+ Kg8 26. Re3 Bc8 27. h4 Rf8
28. h5 Qa7 29. Rce1 1-0

[Event "MCRE_SF18"]
[Site "?"]
[Date "2009.??.??"]
[Round "2"]
[White "Kudr, Roman"]
[Black "Koukal, Vladimir"]
[Result "1/2-1/2"]
[WhiteElo "2208"]
[BlackElo "2240"]
[PlyCount "61"]
[EventDate "2009.??.??"]
[EventType "corr"]
[EventRounds "2"]

1. d4 Nf6 2. c4 e6 3. Nc3 Bb4 4. Qc2 c5 5. dxc5 Bxc5 6. Nf3 d6 7. Bg5 h6 8. Bh4
Nc6 9. e3 Bb4 10. O-O-O Qa5 11. Nb5 a6 12. Nxd6+ Bxd6 13. Rxd6 Qxa2 14. Bd3
Qa1+ 15. Qb1 Qa5 16. Rd1 Nb4 17. Rd2 O-O 18. Bxf6 gxf6 19. Kd1 Qc5 20. Rd4 e5
21. Bh7+ Kg7 22. Rh4 Nc6 23. Bf5 Ne7 24. Rg4+ Kh8 25. Bxc8 Rfxc8 26. Qd3 b5 27.
Qd6 Qxd6 28. Rxd6 Rd8 29. Rxd8+ Rxd8+ 30. Nd2 f5 31. Rh4 1/2-1/2

[Event "MCRE_SF18"]
[Site "?"]
[Date "2009.??.??"]
[Round "1"]
[White "Koukal, Vladimir"]
[Black "Juhasz, Jozef"]
[Result "1-0"]
[WhiteElo "2240"]
[BlackElo "2199"]
[PlyCount "59"]
[EventDate "2009.??.??"]
[EventType "corr"]
[EventRounds "2"]

1. e4 e5 2. Nf3 Nc6 3. Bb5 a6 4. Ba4 Nf6 5. O-O Be7 6. Nc3 b5 7. Bb3 d6 8. Nd5
O-O 9. Nxe7+ Qxe7 10. c3 Na5 11. Bc2 Bg4 12. h3 d5 13. hxg4 dxe4 14. Ng5 e3 15.
fxe3 e4 16. Rxf6 Qxf6 17. Nxe4 Qh4 18. d4 Rfe8 19. g3 Qh6 20. g5 Qe6 21. Qh5
Rac8 22. Qh4 h5 23. Qxh5 Kf8 24. b3 b4 25. Nc5 Qd6 26. g6 Qxg3+ 27. Kf1 Qd6 28.
gxf7 Qf6+ 29. Ke2 Red8 30. Bg6 1-0

[Event "MCRE_SF18"]
[Site "?"]
[Date "2009.??.??"]
[Round "2"]
[White "Juhasz, Jozef"]
[Black "Koukal, Vladimir"]
[Result "1/2-1/2"]
[WhiteElo "2199"]
[BlackElo "2240"]
[PlyCount "67"]
[EventDate "2009.??.??"]
[EventType "corr"]
[EventRounds "2"]

1. e4 e5 2. Nf3 Nc6 3. Bb5 a6 4. Bxc6 dxc6 5. O-O Bg4 6. h3 Bh5 7. d3 Nf6 8. a4
Nd7 9. Be3 Qf6 10. Nbd2 Be7 11. c3 O-O 12. Qb3 Rab8 13. d4 exd4 14. cxd4 h6 15.
Rfc1 a5 16. Ne1 Be2 17. Qc2 Ba6 18. Nb3 Bb4 19. Nd3 Bxd3 20. Qxd3 Qg6 21. f3 f5
22. e5 Qf7 23. Rc2 Rfd8 24. f4 Nb6 25. Bf2 Nd5 26. Bg3 Be7 27. Qf3 Ra8 28. Re2
Qe6 29. Kh2 g5 30. Nc5 Bxc5 31. dxc5 Rd7 32. Rf1 Rg7 33. Rd2 Rf8 34. Qf2
1/2-1/2

[Event "MCRE_SF18"]
[Site "?"]
[Date "2009.??.??"]
[Round "1"]
[White "Koukal, Vladimir"]
[Black "Kratochvil, Vaclav"]
[Result "1-0"]
[WhiteElo "2240"]
[BlackElo "2195"]
[PlyCount "129"]
[EventDate "2009.??.??"]
[EventType "corr"]
[EventRounds "2"]

1. e4 e5 2. Nf3 Nf6 3. Nxe5 d6 4. Nf3 Nxe4 5. d4 d5 6. Bd3 Be7 7. O-O Nc6 8.
Re1 Bg4 9. c3 f5 10. Qb3 O-O 11. Nbd2 Na5 12. Qa4 Nc6 13. Bb5 Nxd2 14. Nxd2 Qd6
15. h3 Bh5 16. Nb3 Nd8 17. Bf4 Qxf4 18. Rxe7 c6 19. Bf1 Nf7 20. Rxb7 Nd6 21.
Qxc6 Nxb7 22. Qxb7 Qd6 23. Re1 Rae8 24. Rxe8 Rxe8 25. Nc5 Rb8 26. Qxa7 Rxb2 27.
Nd7 Be8 28. Ne5 Rb1 29. g3 f4 30. gxf4 Qd8 31. Kg2 Rb8 32. Be2 Ra8 33. Qb7 Rb8
34. Qa6 Rb6 35. Qa7 Rf6 36. Qc5 Bf7 37. Nxf7 Kxf7 38. Bf3 Rg6+ 39. Kh2 Rd6 40.
a4 g6 41. Kg3 Kg7 42. Kg2 Kf7 43. Qb5 Qd7 44. Qb3 Qd8 45. Qb7+ Qd7 46. Qb4 Qd8
47. a5 Kf6 48. Qb5 Qd7 49. Qe2 Re6 50. Qb2 Rd6 51. Qa3 Qe6 52. c4 dxc4 53. d5
Qe7 54. a6 Rd7 55. Qa1+ Kf7 56. d6 Qxd6 57. a7 Rd8 58. a8=Q Rxa8 59. Bxa8 Qxf4
60. Bd5+ Ke7 61. Qa3+ Qd6 62. Qxd6+ Kxd6 63. Bxc4 Ke5 64. Bg8 h6 65. Kg3 1-0

[Event "MCRE_SF18"]
[Site "?"]
[Date "2009.??.??"]
[Round "2"]
[White "Kratochvil, Vaclav"]
[Black "Koukal, Vladimir"]
[Result "1/2-1/2"]
[WhiteElo "2195"]
[BlackElo "2240"]
[PlyCount "67"]
[EventDate "2009.??.??"]
[EventType "corr"]
[EventRounds "2"]

1. e4 e5 2. Nf3 Nc6 3. Bb5 a6 4. Ba4 Nf6 5. O-O Be7 6. Re1 d6 7. c3 O-O 8. d4
Bd7 9. Nbd2 exd4 10. cxd4 Nb4 11. Bxd7 Qxd7 12. Nf1 d5 13. Ne5 Qb5 14. a3 Nc6
15. Nxc6 Qxc6 16. e5 Ne4 17. Ne3 Qd7 18. Qg4 Qxg4 19. Nxg4 c6 20. f3 Ng5 21.
Bxg5 Bxg5 22. g3 Bd8 23. Rad1 Re8 24. f4 a5 25. h3 Ra6 26. Re2 Rb6 27. Rd3 f6
28. Kg2 Kf7 29. Kf3 a4 30. f5 fxe5 31. Nxe5+ Kg8 32. g4 Rb5 33. Rde3 Bg5 34.
Rc3 1/2-1/2

[Event "MCRE_SF18"]
[Site "?"]
[Date "2009.??.??"]
[Round "1"]
[White "Koukal, Vladimir"]
[Black "Pirhala, Ladislav"]
[Result "1/2-1/2"]
[WhiteElo "2240"]
[BlackElo "2190"]
[PlyCount "71"]
[EventDate "2009.??.??"]
[EventType "corr"]
[EventRounds "2"]

1. e4 c5 2. Nf3 d6 3. Nc3 Nc6 4. d4 cxd4 5. Nxd4 Nf6 6. Be2 e5 7. Nf3 h6 8. O-O
Be7 9. Bc4 O-O 10. a3 Be6 11. Qd3 Rc8 12. Ba2 Na5 13. Rd1 Qc7 14. Nd2 a6 15.
Nf1 Nc4 16. Ne3 b5 17. Bb3 Qb7 18. Ncd5 Nxd5 19. exd5 Nxe3 20. Bxe3 Bd7 21. a4
Ra8 22. axb5 axb5 23. c3 f5 24. f4 e4 25. Qd4 Bf6 26. Qd2 Ra6 27. Rxa6 Qxa6 28.
Rb1 Qa5 29. Rf1 Ra8 30. Qe2 Kh7 31. Rb1 Be8 32. Qd1 Bf7 33. Qd2 Qd8 34. Qf2 Ra6
35. Qe1 Qa8 36. Rd1 1/2-1/2

[Event "MCRE_SF18"]
[Site "?"]
[Date "2009.??.??"]
[Round "2"]
[White "Pirhala, Ladislav"]
[Black "Koukal, Vladimir"]
[Result "1/2-1/2"]
[WhiteElo "2190"]
[BlackElo "2240"]
[PlyCount "188"]
[EventDate "2009.??.??"]
[EventType "corr"]
[EventRounds "2"]

1. e4 e5 2. Nf3 Nc6 3. Bb5 a6 4. Ba4 Nf6 5. O-O Be7 6. Re1 d6 7. c3 O-O 8. h3
Rb8 9. d4 exd4 10. cxd4 d5 11. e5 Ne4 12. Nbd2 f5 13. exf6 Nxf6 14. Bxc6 bxc6
15. Ne5 Rb6 16. Qc2 Qe8 17. b4 Bd6 18. a3 Qh5 19. Qc3 Qh4 20. Qe3 a5 21. Ndf3
Qh5 22. bxa5 Rb5 23. a4 Rxa5 24. Nxc6 Ra6 25. Nce5 Qe8 26. Qb3 Bf5 27. g4 Be6
28. Ng5 h6 29. Nxe6 Qxe6 30. Ba3 Qe8 31. Bxd6 cxd6 32. Nc4 Qb8 33. Qa2 Qb4 34.
Ne3 Qxd4 35. Nf5 Qc4 36. Qb2 Ra7 37. Ne7+ Kf7 38. Rac1 Qxa4 39. Qe2 Qe4 40. Qd2
Rxe7 41. Rxe4 dxe4 42. Qxd6 e3 43. f3 e2 44. Re1 g5 45. h4 Rfe8 46. h5 Re3 47.
Kf2 Kg7 48. Qc7+ Kh8 49. Qf7 R3e6 50. Qb7 Re5 51. Qb2 R8e6 52. Qd4 Kg8 53. Qd8+
Kg7 54. Qc7+ Kg8 55. Qc8+ Kh7 56. Qb7+ Kh8 57. Qa8+ Kg7 58. Qa1 Kf8 59. Qa3+
Kg8 60. Kg3 Nd5 61. Qa8+ Kg7 62. Rxe2 Rxe2 63. Qxd5 Rf6 64. Qd7+ Kf8 65. Qb5
Ree6 66. Qb2 Rf4 67. Qb8+ Ke7 68. Qc7+ Ke8 69. Qc8+ Ke7 70. Qc5+ Ke8 71. Kg2
Re2+ 72. Kf1 Re6 73. Qc8+ Ke7 74. Qb7+ Kd6 75. Qb6+ Kd7 76. Qa7+ Kd6 77. Qb6+
Kd5 78. Qb5+ Kd6 79. Qb8+ Kd7 80. Kg2 Ref6 81. Qb7+ Kd6 82. Qb6+ Kd7 83. Qb7+
Ke8 84. Qa8+ Ke7 85. Qb7+ Ke8 86. Qc8+ Ke7 87. Qc7+ Ke8 88. Qe5+ Kf7 89. Qd5+
Ke7 90. Qc5+ Kd7 91. Qb5+ Kc8 92. Qe8+ Kc7 93. Qe7+ Kc8 94. Qe3 Rxf3 1/2-1/2

[Event "MCRE_SF18"]
[Site "?"]
[Date "2009.??.??"]
[Round "1"]
[White "Koukal, Vladimir"]
[Black "Machotka, Jaroslav"]
[Result "0-1"]
[WhiteElo "2240"]
[BlackElo "2040"]
[PlyCount "74"]
[EventDate "2009.??.??"]
[EventType "corr"]
[EventRounds "2"]

1. e4 e5 2. Nf3 Nc6 3. Bb5 a6 4. Ba4 Nf6 5. O-O Be7 6. Re1 b5 7. Bb3 d6 8. c3
O-O 9. d4 Bb7 10. Nbd2 exd4 11. cxd4 Na5 12. Bc2 c5 13. d5 Nd7 14. Nf1 Nc4 15.
Rb1 Re8 16. Ng3 g6 17. a4 Bf6 18. Bd3 Nce5 19. Nxe5 Nxe5 20. Be2 c4 21. Be3 Qc7
22. Qc2 Qa5 23. b3 c3 24. axb5 axb5 25. f4 Nd7 26. b4 Qa6 27. Qd3 Rec8 28. Qxb5
c2 29. Rbc1 Qa3 30. Kf2 Rc3 31. Qxb7 Rxe3 32. Rxc2 Bd4 33. Kf1 Nb6 34. Rd1 Rc3
35. Rxd4 Rxc2 36. Kf2 h5 37. Qxb6 h4 0-1

[Event "MCRE_SF18"]
[Site "?"]
[Date "2009.??.??"]
[Round "2"]
[White "Machotka, Jaroslav"]
[Black "Koukal, Vladimir"]
[Result "1-0"]
[WhiteElo "2040"]
[BlackElo "2240"]
[PlyCount "78"]
[EventDate "2009.??.??"]
[EventType "corr"]
[EventRounds "2"]

1. e4 e5 2. Nf3 Nf6 3. Nxe5 d6 4. Nf3 Nxe4 5. d4 d5 6. Bd3 Bd6 7. O-O O-O 8. c4
c6 9. Re1 Bf5 10. Qb3 Na6 11. Nbd2 Nac5 12. dxc5 Nxc5 13. Bxf5 Nxb3 14. axb3 d4
15. Nxd4 Bxh2+ 16. Kxh2 Qxd4 17. Kg1 Qf6 18. Bc2 a6 19. Rb1 Rae8 20. Ne4 Qg6
21. Bd2 f5 22. Ng3 Rxe1+ 23. Rxe1 Qd6 24. Bc3 g6 25. b4 Qb8 26. c5 Re8 27. Rd1
Rd8 28. Bd3 Kf8 29. Ne2 Qc7 30. Nd4 Qf7 31. Bc2 Rd7 32. Rc1 Qe8 33. Bb3 Re7 34.
Rd1 Rd7 35. Rf1 Re7 36. Nf3 g5 37. Nxg5 Qg6 38. f4 h6 39. Nf3 Re2 1-0

[Event "MCRE_SF18"]
[Site "?"]
[Date "2009.??.??"]
[Round "1"]
[White "Portych, Vaclav"]
[Black "Kudr, Roman"]
[Result "1-0"]
[WhiteElo "2219"]
[BlackElo "2208"]
[PlyCount "111"]
[EventDate "2009.??.??"]
[EventType "corr"]
[EventRounds "2"]

1. c4 c6 2. Nc3 Nf6 3. d4 d5 4. Nf3 dxc4 5. a4 Bf5 6. Ne5 Nbd7 7. Nxc4 Nb6 8.
Ne5 a5 9. g3 g6 10. Bg2 Bg7 11. O-O O-O 12. e3 Nfd7 13. Nxd7 Qxd7 14. Qb3 Qd8
15. e4 Bc8 16. d5 cxd5 17. Nxd5 Nxd5 18. exd5 Qd6 19. Re1 Be5 20. Be3 Bf5 21.
Bc5 Qxc5 22. Rxe5 b6 23. h4 Rfc8 24. Rae1 Ra7 25. h5 Kf8 26. Be4 Bxe4 27. R1xe4
Rd7 28. h6 Rcc7 29. Qf3 f6 30. Re6 Kf7 31. Rf4 Rc8 32. Qe4 Rxd5 33. Rxe7+ Qxe7
34. Qxd5+ Kf8 35. Qd3 Rc6 36. Rd4 Ke8 37. Kg2 f5 38. Kh3 g5 39. Qxf5 Rxh6+ 40.
Kg4 Re6 41. Qb5+ Kf8 42. Qd3 Ke8 43. Qc4 Qf6 44. Qc8+ Kf7 45. Rd7+ Re7 46. Qc4+
Ke8 47. Rd3 Re6 48. Qd5 Qe7 49. Qxg5 Re4+ 50. f4 Qxg5+ 51. Kxg5 Rb4 52. b3 b5
53. axb5 Rxb5+ 54. f5 Rb6 55. g4 Kf7 56. Rd5 1-0

[Event "MCRE_SF18"]
[Site "?"]
[Date "2009.??.??"]
[Round "2"]
[White "Kudr, Roman"]
[Black "Portych, Vaclav"]
[Result "1-0"]
[WhiteElo "2208"]
[BlackElo "2219"]
[PlyCount "57"]
[EventDate "2009.??.??"]
[EventType "corr"]
[EventRounds "2"]

1. d4 Nf6 2. c4 e6 3. g3 c5 4. d5 exd5 5. cxd5 d6 6. Nc3 g6 7. Nf3 Bg7 8. Bg2
O-O 9. O-O Re8 10. Nd2 a6 11. a4 Nbd7 12. h3 Nh5 13. a5 b5 14. axb6 Nxb6 15.
Nde4 f5 16. Ng5 Nf6 17. Ne6 Bxe6 18. dxe6 d5 19. Bg5 Rxe6 20. Ra5 Kh8 21. Rxc5
Qd6 22. b4 Ne4 23. Nxe4 fxe4 24. Qc2 Bd4 25. e3 Bg7 26. h4 Rf8 27. Bh3 Nd7 28.
Bf4 Qb8 29. Bxb8 1-0

[Event "MCRE_SF18"]
[Site "?"]
[Date "2009.??.??"]
[Round "1"]
[White "Portych, Vaclav"]
[Black "Juhasz, Jozef"]
[Result "1/2-1/2"]
[WhiteElo "2219"]
[BlackElo "2199"]
[PlyCount "52"]
[EventDate "2009.??.??"]
[EventType "corr"]
[EventRounds "2"]

1. c4 e5 2. Nc3 Nf6 3. Nf3 Nc6 4. g3 d5 5. cxd5 Nxd5 6. Bg2 Nb6 7. O-O Be7 8.
a3 O-O 9. b4 Be6 10. Rb1 f6 11. d3 Nd4 12. Nd2 Nd5 13. Bb2 Nxc3 14. Bxc3 Nb5
15. Bb2 c6 16. Nb3 Qd7 17. a4 Nd4 18. Nc5 Bxc5 19. bxc5 Ba2 20. Rc1 Bb3 21. Qd2
Bd5 22. Bxd5+ Qxd5 23. Bxd4 exd4 24. Rc4 Rf7 25. Rb1 Re8 26. Rbb4 Qh5 1/2-1/2